| 000 | 00436nam a22001577a 4500 | ||
|---|---|---|---|
| 003 | BD-ChCU | ||
| 005 | 20260430124050.0 | ||
| 008 | 260430b bg ||||| |||| 00| 0 ben d | ||
| 040 | _cBD-ChCU | ||
| 082 | _a551.35 TOH | ||
| 100 |
_aToussaint , Auguste . _922152 |
||
| 245 |
_aHistory of the India occean ./ _cAuguste , Toussaint . |
||
| 260 |
_aLondon : _bUniv. of Chicago press , _cC 1967 |
||
| 300 | _ax ,292p. | ||
| 942 |
_2ddc _cBK _n0 |
||
| 999 |
_c112554 _d112554 |
||